SUCCESS POINT/ (Record no. 201093)

MARC details
000 -LEADER
fixed length control field 00672nam a22002057a 4500
005 - DATE AND TIME OF LATEST TRANSACTION
control field 20240228143240.0
008 - FIXED-LENGTH DATA ELEMENTS--GENERAL INFORMATION
fixed length control field 090826t xxu||||| |||| 00| 0 eng d
010 ## - LCCN (DPL NO)
LC control number ENG-139467
020 ## - INTERNATIONAL STANDARD BOOK NUMBER
International Standard Book Number 978350312612
Terms of availability 599.00/-
035 ## - SYSTEM CONTROL NUMBER
System control number EN-122999
037 ## - SOURCE OF ACQUISITION
Source of stock number/acquisition DBAD/PUB
040 ## - CATALOGING SOURCE
Language of cataloging English
082 ## - DEWEY DECIMAL CLASSIFICATION NUMBER
Classification number 158.1
100 ## - MAIN ENTRY--PERSONAL NAME
Personal name TOMAR, VIKAS
9 (RLIN) 62499
245 ## - TITLE STATEMENT
Title SUCCESS POINT/
Remainder of title A GUIDE TO RIGHT CAREER CHOICES;
Statement of responsibility, etc NUNDO LAL DEY
260 ## - PUBLICATION, DISTRIBUTION, ETC. (IMPRINT)
Name of publisher, distributor, etc VIRTUOUS PUBLIATIONS
Place of publication, distribution, etc U.P , INDIA
Date of publication, distribution, etc 2010
270 ## - ADDRESS
Address A-8, HOSIERY COMPLEX, PHASE-II EXTENSION NOIDA
City U.P
300 ## - PHYSICAL DESCRIPTION
Extent 230p.
Dimensions 24CM(HB)
942 ## - ADDED ENTRY ELEMENTS (KOHA)
Source of classification or shelving scheme Dewey Decimal Classification
Item type English Books
Call number suffix TOM
Holdings
Withdrawn status Lost status Source of classification or shelving scheme Damaged status Not for loan Collection code Home library Current library Date acquired Source of acquisition Cost, normal purchase price Total Checkouts Full call number Barcode Date last seen Copy number Cost, replacement price Koha item type
    Dewey Decimal Classification   Not For Loan Fiction D.B.Act.Division D.B.Act.Division 28/02/2024 DBAD/PUB 599.00   TOM EN-122999 28/02/2024 1 599.00 English Books

© Delhi Public Library
Hit Counter
free hit counter